[Event "Sachsen-ch U18"]
[Site "Sebnitz"]
[Date "2013.04.04"]
[Round "4"]
[White "Karl, Binh"]
[Black "Suhr, Daniel"]
[Result "1/2-1/2"]
[WhiteElo "1619"]
[BlackElo "1346"]
[PlyCount "24"]
[EventDate "2013.04.02"]
[EventType "swiss"]
[EventRounds "7"]
[EventCountry "GER"]
[SourceTitle "EXT 2014"]
[Source "ChessBase"]
[SourceDate "2013.11.20"]
[SourceVersion "1"]
[SourceVersionDate "2013.11.20"]
[SourceQuality "1"]

1. e4 e6 2. d4 d5 3. e5 c5 4. c3 Nc6 5. Nf3 Qb6 6. a3 a5 7. b3 Nge7 8. Bb2 Ng6 9. g3 Rb8 10. Be2 Qa7 11. c4 dxc4 12. bxc4 cxd4 1/2-1/2